01528nam a2200337 4500001000400000003000400004005001700008008004100025020001800066040000800084041001300092082001900105100003300124240003700157245009000194260003600284300001100320520038200331650002000713650003600733650002300769650005300792650003600845650005100881655002600932655003200958830003500990942001501025952013701040999001301177398OSt20250617152347.0250414b |||||||e |||| 00| 0 eng d a9788565042727 bpor hgerapor a150.195bB122p aBack, Frederickd1924 - 2013 aPsicologia aplicada no Cotidiano aPsicologia aplicada no cotidiano :bO Essencial da Psicologia / cBack, Frederick ; bHunter Booksc2016aSão Paulo a152 p. aPsicologia aplicada no cotidiano fala um pouco de tudo o que representa o conhecimento da Psicologia: os pioneiros Freud e Jung, os sonhos e os distúrbios do sono, amor e paixão, os ídolos e a idolatria, casamento, família e crises, a adolescência e seus conflitos, os mitos dos supers-heróis e os efeitos psicológicos da cores e dos pets na vida das pessoas.  0aPsicologia9831 0aPsicologia Comportamental 9868 0aPsicanálise9839 0aAutoconhecimento – Filosofia e psicologia9855 0aFreud, Sigmund – Teorias9840 0aAplicações da Psicologia no Cotidiano9857 0aNão Ficção9102 0aTécnico-científico9835 aO Essencial da Psicologia9853 2ddcn0cBK 00102ddc40708NFICaBIBIBbBIBIBcPFd2025-04-14edoaçãol0o150.195 / B122pp2025-17336r2025-04-14 13:37:41w2025-04-14yBK c398d398